|
|
|
|
| LEADER |
00000nam0a2200000 4500 |
| 001 |
153322 |
| 005 |
20231101221702.0 |
| 010 |
|
|
|a 9785983582040
|
| 035 |
|
|
|a (RuTPU)RU\TPU\book\166345
|
| 090 |
|
|
|a 153322
|
| 100 |
|
|
|a 20090211d2008 m y0rusy50 ca
|
| 101 |
1 |
|
|a rus
|c fre
|
| 102 |
|
|
|a RU
|
| 105 |
|
|
|a y z 000ay
|
| 200 |
1 |
|
|a Я ее любил / Я его любила
|e пер. с фр.
|f А. Гавальда
|
| 210 |
|
|
|a Москва
|c Флюид
|d 2008
|
| 215 |
|
|
|a 160 с.
|
| 225 |
1 |
|
|a Fine fleur de la ligne franqaise
|
| 330 |
|
|
|a Анна Гавальда (р. 1970) — ярчайшая «звезда французской словесности», чей успех в ряде стран уже затмил пресловутый «Код да Винчи». Ее называют «литературным феноменом», «нежным Уэльбеком» и «новой Франсуазой Саган». Ее книги, покорившие миллионы читателей по всему миру, отмечены целым созвездием литературных премий, переводятся на десятки языков, по ним ставят спектакли и снимают фильмы. Роман «Я ее любил / Я его любила» — пронзительно грустная и красивая книга о любви, раскрывающая самые острые и потаенные грани этого прекрасного и загадочного чувства. Книга, в «фирменном» авторском стиле сочетающая внешнюю простоту с внутренней глубиной, тонкий психологизм с безукоризненной точностью каждого слова.
|
| 606 |
1 |
|
|a Французская литература
|x Произведения
|2 stltpush
|3 (RuTPU)RU\TPU\subj\64346
|9 81252
|
| 610 |
1 |
|
|a романы
|
| 610 |
1 |
|
|a любовь
|
| 675 |
|
|
|a 84
|v 3
|
| 700 |
|
1 |
|a Гавальда
|b А.
|g Анна
|
| 801 |
|
1 |
|a RU
|b 63413507
|c 20090211
|g PSBO
|
| 801 |
|
2 |
|a RU
|b 63413507
|c 20180601
|g PSBO
|
| 942 |
|
|
|c BK
|